Fr. Conceicao Rodrigues College of Engineering

BASIC SCIENCE PHYSICS (Record no. 35960)

MARC details
000 -LEADER
fixed length control field 00388nam a2200145 4500
003 - CONTROL NUMBER IDENTIFIER
control field OSt
005 - DATE AND TIME OF LATEST TRANSACTION
control field 20230914122829.0
008 - FIXED-LENGTH DATA ELEMENTS--GENERAL INFORMATION
fixed length control field 230914b |||||||| |||| 00| 0 eng d
020 ## - INTERNATIONAL STANDARD BOOK NUMBER
International Standard Book Number 9789355854513
040 ## - CATALOGING SOURCE
Transcribing agency COMPLIMENTARY
082 ## - DEWEY DECIMAL CLASSIFICATION NUMBER
Edition number I
Classification number 530.41
Item number 530.41/VHA
245 ## - TITLE STATEMENT
Title BASIC SCIENCE PHYSICS
Statement of responsibility, etc. VHANKHANDE BALASAHEB
260 ## - PUBLICATION, DISTRIBUTION, ETC.
Place of publication, distribution, etc. PUNE
Name of publisher, distributor, etc. TECHNICAL PUBLICATION
Date of publication, distribution, etc. 2023
942 ## - ADDED ENTRY ELEMENTS (KOHA)
Source of classification or shelving scheme Dewey Decimal Classification
Suppress in OPAC No
Koha item type BOOK

No items available.